000 00597nam a2200241Ia 4500
001 44637
005 20240114003638.0
007 ta
008 090301s1984 a g b000 u 465 u
040 _aCotton College,Assam
041 _a465
082 _a700
_bDEN
100 _aDenvir, Bernard .
245 0 _aThe Early Nineteenth Century /
_hTextual Documents
250 _a1st ed /
260 _aLondon :
_bLongman ,
_c1984.
300 _a316p :
_bill ;
_c23 cm .
653 _aFine Arts
653 _aT/G-Fine Arts
942 _2ddc
_cBK
999 _c44603
_d44603